Southville International School and Colleges
Your cart is empty.
  • Cart
  • Lists
    Public lists Eva Luna New books Lux_list list_1
    Your lists Log in to create your own lists
  • Log in to your account
  • Your cookies
  • Search history
Southville International School and Colleges
  • Advanced search
  • Recent comments
  • Most popular
  • Libraries

Log in to your account

Log in with GOOGLE


If you do not have an external account, but do have a local account, you can still log in:

  1. Home
  2. MARC view: Religious education in context of plurality and pluralism /
Normal view MARC view ISBD view

Religious education in context of plurality and pluralism / (Record no. 17242)

[ view plain ]
MARC details
000 -LEADER
fixed length control field 01281cam a2200397 a 4500
001 - CONTROL NUMBER
control field 13813721
003 - CONTROL NUMBER IDENTIFIER
control field OSt
005 - DATE AND TIME OF LATEST TRANSACTION
control field 20140310182912.0
008 - FIXED-LENGTH DATA ELEMENTS--GENERAL INFORMATION
fixed length control field 040114s2003 ph a b 000 0 eng
010 ## - LIBRARY OF CONGRESS CONTROL NUMBER
LC control number 2003532928
020 ## - INTERNATIONAL STANDARD BOOK NUMBER
International Standard Book Number 9711010917
020 ## - INTERNATIONAL STANDARD BOOK NUMBER
International Standard Book Number 9627439290 (China)
035 ## - SYSTEM CONTROL NUMBER
System control number (DLC) 2003532928
037 ## - SOURCE OF ACQUISITION
Source of stock number/acquisition Library of Congress -- Jakarta Overseas Office
Terms of availability P245.00
040 ## - CATALOGING SOURCE
Original cataloging agency DLC
Transcribing agency DLC
042 ## - AUTHENTICATION CODE
Authentication code lcode
043 ## - GEOGRAPHIC AREA CODE
Geographic area code a------
050 00 - LIBRARY OF CONGRESS CALL NUMBER
Classification number BL270
Item number An63 2003
082 ## - DEWEY DECIMAL CLASSIFICATION NUMBER
Classification number FIL 262.1
Item number An8 2003
100 1# - MAIN ENTRY--PERSONAL NAME
Personal name Antone, Hope S.
245 10 - TITLE STATEMENT
Title Religious education in context of plurality and pluralism /
Statement of responsibility, etc Antone,Hope S.
260 ## - PUBLICATION, DISTRIBUTION, ETC. (IMPRINT)
Place of publication, distribution, etc Quezon City, Philippines :
Name of publisher, distributor, etc New Day Publishers and Christian Conference of Asia,
Date of publication, distribution, etc c2003.
300 ## - PHYSICAL DESCRIPTION
Extent xiv, 141 p. :
Other physical details ill. ;
Dimensions 23 cm.
500 ## - GENERAL NOTE
General note Revision of the author's thesis.
504 ## - BIBLIOGRAPHY, ETC. NOTE
Bibliography, etc Includes bibliographical references (p. [137]-141).
521 ## - TARGET AUDIENCE NOTE
Target audience note
526 ## - STUDY PROGRAM INFORMATION NOTE
Reading level 1210L-1700L
541 ## - IMMEDIATE SOURCE OF ACQUISITION NOTE
-- 1
562 ## - COPY AND VERSION IDENTIFICATION NOTE
Number of copies 1
650 #0 - SUBJECT ADDED ENTRY--TOPICAL TERM
Topical term or geographic name as entry element Religious education
Geographic subdivision Asia.
650 #0 - SUBJECT ADDED ENTRY--TOPICAL TERM
Topical term or geographic name as entry element Christian education
Geographic subdivision Asia.
650 #0 - SUBJECT ADDED ENTRY--TOPICAL TERM
Topical term or geographic name as entry element Religious pluralism
Geographic subdivision Asia.
906 ## - LOCAL DATA ELEMENT F, LDF (RLIN)
a 7
b cbc
c origode
d 3
e ncip
f 20
g y-gencatlg
942 ## - ADDED ENTRY ELEMENTS (KOHA)
Source of classification or shelving scheme Library of Congress Classification
Koha item type Books
Call number prefix Filipininana
Holdings
Withdrawn status Lost status Source of classification or shelving scheme Damaged status Home library Current library Shelving location Date acquired Total Checkouts Full call number Barcode Date last seen Date checked out Copy number Price effective from Koha item type
    Library of Congress Classification   College Library College Library Filipiniana Section 04/17/2013 1 BL270.An88 2003 c5260 05/08/2018 03/02/2018 1 11/14/2013 Books

Religious education in context of plurality and pluralism /

APA

Antone H. S., . (2003). Religious education in context of plurality and pluralism. Quezon City, Philippines: New Day Publishers and Christian Conference of Asia.

Chicago

Antone Hope S, . 2003. Religious education in context of plurality and pluralism. Quezon City, Philippines: New Day Publishers and Christian Conference of Asia.

Harvard

Antone H. S., . (2003). Religious education in context of plurality and pluralism. Quezon City, Philippines: New Day Publishers and Christian Conference of Asia.

MLA

Antone Hope S, . Religious education in context of plurality and pluralism. Quezon City, Philippines: New Day Publishers and Christian Conference of Asia. 2003.

  • Place hold
  • Print
  • Cite
  • Add to your cart (remove)
  • Save record
    BIBTEX Dublin Core MARCXML MARC (non-Unicode/MARC-8) MARC (Unicode/UTF-8) MARC (Unicode/UTF-8, Standard) MODS (XML) RIS
  • More searches
    Search for this title in:
    Other Libraries (WorldCat) Other Databases (Google Scholar) Online Stores (Bookfinder.com) Open Library (openlibrary.org)

Exporting to Dublin Core...

SOUTHVILLE LIBRARY

Southville International School and Colleges Library

1281 Tropical Ave. Cor. Luxembourg St., BF Homes International, Las Pinas City

Tel. No. 8256374 / 252358 Loc. 117/146

Powered by Koha